000 00947nam a2200253Ia 4500
003 OSt
005 20220923225328.0
006 a|||||r|||| 00| 0
007 ta
008 220922b |||||||| |||| 00| 0 hin d
024 _a263,493
037 _cTextual
040 _aARTS
_cARTS
_bhin
041 _2hin
_ahin
082 _aV2y7M89, 152M5
100 _aचिचेरोव, अलेक्सांदेर
245 0 _aजवाहरलाल नेहरू और भारतीय राष्ट्रीय कांग्रेस
246 _aJavāharalāl neharū aur bhāratīya rāṣhṭrīya kāangresa
260 _aदिल्ली
_b शब्दकार प्रकाशन
_c1985
300 _a117पृ.
_ccm.
650 _aविश्व-इतिहास
942 _hV2y7M89, 152M5
_cTEXL
_2CC
999 _c377583
_d377583